Statistiques concernant Les stades du Top 14

Cliquez ici pour prendre le quiz!

Statistiques générales

  • Ce quiz a été pris 392 fois
    (41 depuis la dernière actualisation)
  • Le résultat moyen est 11 sur 14

Statistiques - réponses

Réponse% Correct
Paris La Défense Arena
95%
Stade Ernest Wallon
92%
Stade Jean Bouin
92%
Stade Marcel Michelin
92%
Matmut Stadium Gerland
87%
Stade Chaban Delmas
87%
Stade Félix Mayol
84%
Stade du Hameau
71%
Stade Jean Dauger
71%
Stade Pierre Fabre
71%
GGL Stadium
68%
Stade Aimé Giral
66%
Stade Marcel Deflandre
66%
Stade Charles Mathon
42%

Distribution des résultats

Percentile par nombre de réponses

% des personnes avec chaque résultat

Votre développement - résultats

Vous n’avez pas pris ce quiz depuis la dernière actualisation